Normal view
MARC view
- AFFAN,OVAIS,NAYAB
Entry Personal Name
001 - CONTROL NUMBER
- control field: 71908
003 - CONTROL NUMBER IDENTIFIER
- control field: NUST
005 - DATE AND TIME OF LATEST TRANSACTION
- control field: 20210628204717.0
008 - FIXED-LENGTH DATA ELEMENTS
- fixed length control field: 210628|| aca||aabn | a|a d
040 ## - CATALOGING SOURCE
- Original cataloging agency: NUST
- Transcribing agency: NUST
100 ## - HEADING--PERSONAL NAME
- Personal name: AFFAN,OVAIS,NAYAB
670 ## - SOURCE DATA FOUND
- Source citation: Work cat.: (NUST): AFFAN,OVAIS,NAYAB, PR-SOF-1385-DESIGN ANALYSIS AND FABRICATION OF A VTOL BICOPTER UAV-, 2014
